Il mistero delle lettere rubate / (Record no. 1757)
[ view plain ]
| 000 -LEADER | |
|---|---|
| campo di controllo lung. fissa | 00943nam a22002777i 4500 |
| 001 - Numero di controllo | |
| campo di controllo | IT\ICCU\TO0\1207225 |
| 003 - Identificatore del numero di controllo | |
| campo di controllo | ItRI |
| 005 - Data e orario dell'ultima transazione | |
| campo di controllo | 20240918095847.0 |
| 008 - Elementi di lunghezza fissa--Informazione generale | |
| campo di controllo lung. fissa | 030513s2003 it |||||| |||||1|||||c |
| 020 ## - ISBN (International Standard Book Number) | |
| ISBN (International Standard Book Number) | 8838468109 |
| 020 ## - ISBN (International Standard Book Number) | |
| ISBN (International Standard Book Number) | 9788838468100 (4. ed.) |
| 040 ## - Fonte della catalogazione | |
| Lingua della catalogazione | ita |
| Agenzia che fa la trascrizione | CDM |
| 041 #7 - Codice di lingua | |
| Codice di lingua del testo/traccia sonora o titolo separato | ita |
| Fonte del codice | ISO-639-2 |
| 082 ## - Numero di classificazione Decimale Dewey | |
| Numero di classificazione | 813.54 |
| Numero dell'edizione | 21 |
| 100 1# - Accesso principale -- nome di persona | |
| Nome di persona | Roy, Ron, |
| Date associate al nome | (1940) |
| Numero del record di authority o numero standard | IT\ICCU\RAVV\269464 |
| Relazione: | aut |
| 240 14 - Titolo uniforme | |
| Titolo uniforme | The empty envelope |
| 9 (RLIN) | Roy, Ron <1940> |
| 245 13 - Formulazione del titolo | |
| Titolo | Il mistero delle lettere rubate / |
| Formulazione di responsabilità, ecc. | Ron Roy ; traduzione di Erica Ossola ; illustrazioni di John Steven Gurney. |
| 260 ## - Pubblicazione, distribuzione, ecc. (stampa) | |
| Luogo di pubblicazione, distribuzione, ecc. | Casale Monferrato : |
| Nome dell'editore, distributore, ecc. | Piemme junior, |
| Data di pubblicazione, distribuzione, ecc. | 2003 |
| 300 ## - Descrizione fisica | |
| Estensione | 76 p. : |
| Altre particolarità fisiche | ill. ; |
| Dimensioni | 20 cm |
| 700 1# - Accesso aggiunto--nome di persona | |
| Nome di persona | Gurney, John Steven |
| Numero del record di authority o numero standard | IT\ICCU\RAVV\269467 |
| 700 1# - Accesso aggiunto--nome di persona | |
| Nome di persona | Ossola, Erica |
| Numero del record di authority o numero standard | IT\ICCU\TO0V\472249 |
| 830 #3 - Accesso aggiunto di serie--titolo uniforme | |
| Titolo uniforme | Il battello a vapore. Piccoli investigatori ; |
| Numero del volume/designazione di sequenza | 8 |
| Numero del record di authority o numero standard | IT\ICCU\RAV\0817752 |
| 982 #1 - EQUIVALENCE OR CROSS-REFERENCE-SERIES STATEMENT--CONFERENCE OR MEETING NAME/TITLE [LOCAL, CANADA] | |
| Collegamento | z01 |
| Nome del convegno o nome della giurisdizione come accesso | n |
| 942 ## - Dati aggiuntivi (Koha) | |
| Fonte della classificazione o dello schema di collocazione (segnatura) | Classificazione decimale Dewey |
| Tipo copia default (Koha) | Libri |
| 981 #1 - EQUIVALENCE OR CROSS-REFERENCE-SERIES STATEMENT--CORPORATE NAME/TITLE [LOCAL, CANADA] | |
| Collegamento | z01 |
| Nome dell'ente o nome della giurisdizione come accesso | i |
| Unità subordinata | xxxe |
| Status ritirato | Status smarrito: | Fonte della classificazione o dello schema di collocazione (segnatura) | Status danneggiato: | Escluso dal prestito | Biblioteca di appartenenza | Biblioteca corrente | Data di acquisti | Totale prestiti | Collocazione | Codice a barre | Data ultima revisione | Prezzo effettivo da | Tipo copia default (Koha) | Nota pubblica |
|---|---|---|---|---|---|---|---|---|---|---|---|---|---|---|
| Classificazione decimale Dewey | Escluso dal prestito | RAVENNA | Arcigay Ravenna LGBTI+ | RAVENNA | Arcigay Ravenna LGBTI+ | 18/09/2024 | 813.54 ROY MIS | 9577 | 18/09/2024 | 18/09/2024 | Libri | Sezione ragazz3 |